000 00362nam a2200145Ia 4500
008 240729s9999 xx 000 0 und d
022 _a2297-6485
245 0 _aOrganic Farming
260 _aSwitzerland
260 _bLibrelloph
650 _aAgriculture
856 _uhttps://doaj.org/toc/d58e6d5b1002417990a13c0fbc6460cd
942 _2ddc
942 _cDOAJEJ
999 _c65940
_d65940
945 _a1
_bMadushi Gamage
_c1
_dMadushi Gamage